[Event "Cologne Longerich op-B 13th"]
[Site "Cologne"]
[Date "2016.08.14"]
[Round "4"]
[White "Zilberman, Rodion"]
[Black "Gail, Edgar"]
[Result "0-1"]
[WhiteElo "1739"]
[BlackElo "1442"]
[PlyCount "60"]
[EventDate "2016.08.12"]
[EventType "swiss"]
[EventRounds "5"]
[EventCountry "GER"]
[SourceTitle "EXT 2022"]
[Source "ChessBase"]
[SourceDate "2021.10.06"]
[SourceVersion "1"]
[SourceVersionDate "2021.10.06"]
[SourceQuality "1"]

1. d4 d5 2. c4 e6 3. Nc3 c5 4. cxd5 exd5 5. e3 Nf6 6. Nf3 Nc6 7. dxc5 Bxc5 8. Bb5 0-0 9. 0-0 Bg4 10. Be2 Rc8 11. Qb3 Rc7 12. Rd1 Rd7 13. a3 a6 14. Qc2 Ba7 15. b4 Qc7 16. Bb2 Bb8 17. g3 d4 18. Ne4 Nxe4 19. Qxe4 Bxf3 20. Bxf3 dxe3 21. Qxe3 h6 22. Rdc1 Rfd8 23. Qc3 f5 24. Bxc6 bxc6 25. Qf3 Rd5 26. Rc2 f4 27. Qe2 fxg3 28. hxg3 Ba7 29. Qe6+ Kh7 30. Rxc6 Qxg3+ 0-1

[Event "GER OS-287 email"]
[Site "GER email"]
[Date "2016.02.25"]
[Round "?"]
[White "Gail, Edgar"]
[Black "Schuster, Hans Hermann"]
[Result "0-1"]
[WhiteElo "1329"]
[BlackElo "2168"]
[PlyCount "52"]
[EventDate "2016.02.29"]
[EventType "tourn (corr)"]
[EventRounds "6"]
[EventCountry "GER"]
[SourceTitle "Corr 2020"]
[Source "ChessBase"]
[SourceDate "2019.09.30"]
[SourceVersion "1"]
[SourceVersionDate "2019.09.30"]
[SourceQuality "1"]

1. e4 e5 2. Nf3 Nc6 3. Bb5 a6 4. Ba4 Nf6 5. 0-0 Be7 6. Re1 b5 7. Bb3 d6 8. c3 0-0 9. d4 Bg4 10. d5 Na5 11. Bc2 c6 12. b4 Nc4 13. dxc6 Qc7 14. Nbd2 Nb6 15. Nf1 Qxc6 16. Bb2 Be6 17. Ng3 a5 18. Ng5 Bg4 19. f3 Bd7 20. Bd3 Na4 21. Qd2 Rfc8 22. Rac1 Nxb2 23. Qxb2 axb4 24. cxb4 Qb6+ 25. Kh1 Rxc1 26. Rxc1 Qe3 0-1

[Event "Cologne Ford op 17th"]
[Site "Cologne"]
[Date "2011.05.09"]
[Round "4"]
[White "Melters, Hans"]
[Black "Gail, Edgar"]
[Result "1-0"]
[WhiteElo "1244"]
[BlackElo "1524"]
[PlyCount "161"]
[EventDate "2011.04.12"]
[EventType "swiss"]
[EventRounds "7"]
[EventCountry "GER"]
[SourceTitle "EXT 2012"]
[Source "ChessBase"]
[SourceDate "2011.11.24"]
[SourceVersion "1"]
[SourceVersionDate "2011.11.24"]
[SourceQuality "1"]

1. e4 c5 2. c3 d5 3. exd5 Qxd5 4. c4 Qd7 5. Nf3 Nf6 6. Nc3 e6 7. d4 cxd4 8. Nxd4 Nc6 9. Nxc6 Qxc6 10. Bg5 Nd7 11. Qd4 f6 12. Bh4 Bc5 13. Qg4 0-0 14. 0-0-0 Ne5 15. Qe2 b6 16. Qc2 Ba6 17. b3 Ba3+ 18. Kb1 Rab8 19. f4 Nd7 20. Bd3 g6 21. Bxg6 f5 22. Bh5 Nf6 23. Bf3 Qc7 24. Bxf6 Rxf6 25. Ne2 Bd6 26. g4 Rc8 27. gxf5 Rxf5 28. Rhg1+ Kh8 29. Qc3+ e5 30. Bg4 Rff8 31. Bxc8 Rxc8 32. Qg3 exf4 33. Qg4 Be5 34. Qe6 Bb7 35. Rd7 Be4+ 36. Kc1 Qc5 37. Qe7 f3 38. Qxc5 bxc5 39. Ng3 f2 40. Rf1 Bd4 41. Nxe4 Rg8 42. Kd2 Rg2 43. Rxd4 cxd4 44. Rxf2 Rg1 45. Kd3 Rg8 46. Kxd4 Rd8+ 47. Kc3 Kg7 48. Nc5 Kg6 49. Rg2+ Kf6 50. Rd2 Rg8 51. Rf2+ Ke5 52. Rf7 Rg2 53. Rxh7 Rxa2 54. Na4 Kf4 55. h4 Rh2 56. Rd7 Rh3+ 57. Kb4 Ke5 58. h5 Ke6 59. Rxa7 Rxh5 60. Ra6+ Kd7 61. Nc5+ Kc7 62. Rf6 Re5 63. Kb5 Re3 64. b4 Re7 65. Rc6+ Kd8 66. Ne6+ Kd7 67. Nc5+ Kd8 68. Kb6 Re1 69. Rh6 Ke7 70. Rh8 Kd6 71. Rh6+ Ke7 72. Kc6 Rb1 73. b5 Rc1 74. Rh4 Kf6 75. b6 Kg5 76. Rd4 Kf5 77. b7 Rb1 78. Rd8 Kf6 79. Nd7+ Ke7 80. b8Q Rxb8 81. Rxb8 1-0

[Event "Cologne Ford op 17th"]
[Site "Cologne"]
[Date "2011.05.02"]
[Round "3"]
[White "Gail, Edgar"]
[Black "Behr, Ludwig"]
[Result "1-0"]
[WhiteElo "1524"]
[BlackElo "1236"]
[PlyCount "37"]
[EventDate "2011.04.12"]
[EventType "swiss"]
[EventRounds "7"]
[EventCountry "GER"]
[SourceTitle "EXT 2012"]
[Source "ChessBase"]
[SourceDate "2011.11.24"]
[SourceVersion "1"]
[SourceVersionDate "2011.11.24"]
[SourceQuality "1"]

1. e4 d5 2. exd5 Nf6 3. d4 Nxd5 4. c4 Nb6 5. Nc3 Nc6 6. Be3 e6 7. Nf3 Bb4 8. Bd3 Na5 9. a3 Bxc3+ 10. bxc3 0-0 11. Qc2 g6 12. Bg5 Qe8 13. Bh6 Bd7 14. 0-0 Naxc4 15. Ng5 Ba4 16. Qe2 e5 17. Bxc4 exd4 18. Qf3 Nxc4 19. Qf6 1-0

[Event "Cologne Chess Days op"]
[Site "Cologne"]
[Date "2010.08.22"]
[Round "5"]
[White "Gail, Edgar"]
[Black "Rosenauer, Horst"]
[Result "1-0"]
[WhiteElo "1491"]
[BlackElo "1810"]
[PlyCount "67"]
[EventDate "2010.08.20"]
[EventType "swiss"]
[EventRounds "5"]
[EventCountry "GER"]
[SourceTitle "EXT 2011"]
[Source "ChessBase"]
[SourceDate "2010.11.26"]
[SourceVersion "1"]
[SourceVersionDate "2010.11.26"]
[SourceQuality "1"]

1. e4 c5 2. Nf3 Nc6 3. d4 cxd4 4. Nxd4 Nf6 5. Nc3 a6 6. Bg5 d6 7. Qd2 h6 8. Bxf6 gxf6 9. 0-0-0 h5 10. Kb1 Bd7 11. Nf5 Bxf5 12. exf5 Rc8 13. Qe3 Bh6 14. Qe4 Kf8 15. Nd5 Kg8 16. Be2 Bf8 17. Nf4 h4 18. g3 h3 19. Nxh3 Qa5 20. a3 b5 21. Nf4 b4 22. Bc4 bxa3 23. Bxf7+ Kg7 24. Bb3 Kh7 25. Ng6 Bh6 26. Nxh8 axb2 27. Kxb2 Ne5 28. Ng6 Qc3+ 29. Ka2 Rc5 30. Rd5 Rc7 31. Nxe5 dxe5 32. Rhd1 a5 33. Qg4 Bg5 34. Qh5+ 1-0

[Event "Cologne Chess Days op"]
[Site "Cologne"]
[Date "2010.08.22"]
[Round "4"]
[White "Linke, Michael"]
[Black "Gail, Edgar"]
[Result "1-0"]
[WhiteElo "1968"]
[BlackElo "1491"]
[PlyCount "47"]
[EventDate "2010.08.20"]
[EventType "swiss"]
[EventRounds "5"]
[EventCountry "GER"]
[SourceTitle "EXT 2011"]
[Source "ChessBase"]
[SourceDate "2010.11.26"]
[SourceVersion "1"]
[SourceVersionDate "2010.11.26"]
[SourceQuality "1"]

1. e4 c5 2. Nc3 Nc6 3. f4 d6 4. Nf3 g6 5. Bb5 Bd7 6. 0-0 e6 7. d3 Bg7 8. Bxc6 Bxc6 9. Kh1 Ne7 10. Qe1 0-0 11. Qh4 Nc8 12. Qf2 b5 13. f5 b4 14. Nd1 Nb6 15. Bg5 Qd7 16. f6 Bh8 17. Ne3 e5 18. Qh4 Qe6 19. Ng4 h5 20. Nh6+ Kh7 21. g4 Bxf6 22. Bxf6 Kxh6 23. gxh5 gxh5 24. Qg5+ 1-0

[Event "Cologne Chess Days op"]
[Site "Cologne"]
[Date "2010.08.20"]
[Round "1"]
[White "Gail, Edgar"]
[Black "Scharff, Klaus"]
[Result "0-1"]
[WhiteElo "1491"]
[BlackElo "2051"]
[PlyCount "76"]
[EventDate "2010.08.20"]
[EventType "swiss"]
[EventRounds "5"]
[EventCountry "GER"]
[SourceTitle "EXT 2011"]
[Source "ChessBase"]
[SourceDate "2010.11.26"]
[SourceVersion "1"]
[SourceVersionDate "2010.11.26"]
[SourceQuality "1"]

1. e4 e6 2. d4 d5 3. e5 c5 4. c3 Nc6 5. Nf3 f5 6. Bd3 b6 7. Be3 Bd7 8. Nbd2 cxd4 9. cxd4 Nb4 10. Be2 Rc8 11. 0-0 Nc2 12. Bg5 Be7 13. Bxe7 Nxe7 14. Rc1 Nb4 15. Qb3 Nbc6 16. Rfd1 h6 17. Nf1 g5 18. h3 h5 19. N3h2 g4 20. h4 Nxd4 21. Qe3 Nxe2+ 22. Qxe2 Rxc1 23. Rxc1 Ng6 24. g3 0-0 25. f4 b5 26. Qe3 Qa5 27. a3 Rc8 28. Rxc8+ Bxc8 29. Qc5 Bb7 30. Qd6 Nf8 31. Qe7 Qb6+ 32. Ne3 Qxe3+ 33. Kf1 Qc1+ 34. Kf2 Qxb2+ 35. Kg1 Qc1+ 36. Kf2 Qc6 37. Qg5+ Kf7 38. Qf6+ Ke8 0-1

[Event "Cologne Ford op"]
[Site "Cologne"]
[Date "2010.04.19"]
[Round "1"]
[White "Gail, Edgar"]
[Black "Werner, Michael"]
[Result "0-1"]
[WhiteElo "1497"]
[BlackElo "1997"]
[PlyCount "48"]
[EventDate "2010.04.19"]
[EventType "swiss"]
[EventRounds "7"]
[EventCountry "GER"]
[SourceTitle "EXT 2011"]
[Source "ChessBase"]
[SourceDate "2010.11.26"]
[SourceVersion "1"]
[SourceVersionDate "2010.11.26"]
[SourceQuality "1"]

1. e4 c5 2. Nf3 e6 3. d4 cxd4 4. Nxd4 a6 5. c4 Nf6 6. Nc3 Bb4 7. Bd3 Nc6 8. Nxc6 dxc6 9. e5 Qa5 10. 0-0 Qxe5 11. Re1 Qc7 12. Bd2 Bd6 13. g3 Bd7 14. Rc1 0-0 15. Ne4 Nxe4 16. Rxe4 f5 17. Re2 c5 18. Bc3 Rad8 19. f4 Bc8 20. Qc2 b6 21. Be5 Bb7 22. Rce1 Qc6 23. Rg2 Bxe5 24. Rxe5 Rxd3 0-1

[Event "Cologne Ford op"]
[Site "Cologne"]
[Date "2009.05.11"]
[Round "3"]
[White "Gail, Edgar"]
[Black "Behr, Ludwig"]
[Result "1-0"]
[WhiteElo "1505"]
[BlackElo "1300"]
[PlyCount "99"]
[EventDate "2009.04.27"]
[EventType "swiss"]
[EventRounds "7"]
[EventCountry "GER"]
[SourceTitle "EXT 2011"]
[Source "ChessBase"]
[SourceDate "2010.11.26"]
[SourceVersion "1"]
[SourceVersionDate "2010.11.26"]
[SourceQuality "1"]

1. e4 c5 2. Nf3 d6 3. d4 cxd4 4. Nxd4 e5 5. Bb5+ Bd7 6. Bxd7+ Nxd7 7. Nf5 g6 8. Nxd6+ Bxd6 9. Qxd6 Rc8 10. Nc3 Rc6 11. Qd3 Ngf6 12. Bg5 Qb6 13. 0-0-0 0-0 14. f3 Nc5 15. Qd2 Rfc8 16. Bxf6 Rxf6 17. Nd5 Qe6 18. Nxf6+ Qxf6 19. Qd6 Qf4+ 20. Kb1 b5 21. Rd5 Ne6 22. Qxe5 Qe3 23. Rhd1 Qf2 24. R5d2 Qb6 25. h4 h5 26. g4 Rc5 27. Qg3 b4 28. Rd5 a5 29. gxh5 a4 30. hxg6 b3 31. gxf7+ Kxf7 32. axb3 axb3 33. c3 Qa5 34. Rd7+ Kf6 35. f4 Qa2+ 36. Kc1 Qa1+ 37. Kd2 Qxb2+ 38. Ke1 Qxc3+ 39. Qxc3+ Rxc3 40. f5 Nf4 41. Rb1 Ng2+ 42. Kd1 Nxh4 43. Rd6+ Ke7 44. Re6+ Kf7 45. Kd2 Rg3 46. Ra1 b2 47. Rb1 Rg2+ 48. Kc3 Nf3 49. Rxb2 Rg3 50. Rb7+ 1-0